|
|
|
|
| LEADER |
00948nam a22002657a 4500 |
| 001 |
AAL807 |
| 003 |
BD-DhAAL |
| 005 |
20160105222752.0 |
| 008 |
160105m19691956naua|||| b||| 001 0 eng d |
| 040 |
|
|
|a BD-DhAAL
|c BD-DhAAL
|
| 082 |
|
|
|a 150
|
| 100 |
|
|
|a Munn, Norman L.
|9 17191
|
| 245 |
|
|
|a Introduction to psychology /
|c Norman L. Munn, L. Dodge Fernald and Peter S. Fernald
|
| 250 |
|
|
|a 2nd ed.
|
| 260 |
|
|
|a New York :
|b Houghton Mifflin,
|c 1969.
|
| 300 |
|
|
|a xvi, 752 p. :
|b ill. ;
|c 24 cm.
|
| 504 |
|
|
|6 Includes bibliographic reference and index.
|
| 541 |
|
|
|e 807
|
| 650 |
|
|
|a Psychology.
|9 17192
|
| 650 |
|
|
|a Psychologie.
|9 17193
|
| 700 |
|
|
|a Fernald, L. Dodge
|9 17194
|
| 700 |
|
|
|a Fernald, Peter S.
|9 17195
|
| 942 |
|
|
|2 ddc
|c BK
|
| 999 |
|
|
|c 36552
|d 36552
|
| 952 |
|
|
|0 0
|1 0
|2 ddc
|4 0
|6 150_000000000000000_MUN
|7 0
|9 57529
|a SCL
|b SCL
|c GEN
|d 2016-01-05
|e Gift: The Asia Foundation
|l 4
|m 15
|o 150 MUN
|p 3020000807
|r 2026-02-08
|s 2026-02-02
|t 1
|w 2016-01-05
|y BK
|